[Event "DVM U12 2020"]
[Site "Magdeburg GER"]
[Date "2021.08.05"]
[Round "2"]
[White "Nhan, Jinhon Raymon"]
[Black "Krüger, Arthur"]
[Result "0-1"]
[Termination "normal"]
[Board "2.1"]
[WhiteElo "1413"]
[BlackElo "1643"]
[WhiteClock "00:36:37"]
[BlackClock "00:11:16"]
[WhiteTeam "Schachvereinigung 1920 Plettenberg e. V."]
[BlackTeam "Hamburger SK von 1830 eV"]
[PlyCount "92"]
[WhiteFideId "16284690"]
[BlackFideId "16244966"]
[EventCountry "GER"]
[EventRounds "7"]
[EventType "team-swiss"]
[EventDate "2021.08.04"]

1. Nf3 {[%clk 01:30:55]} {[%emt 00:08:40]} d5 {[%clk 01:30:56]} 2. g3 {[%clk
01:31:11]} Nf6 {[%clk 01:31:04]} 3. Bg2 {[%clk 01:31:28]} e6 {[%clk 01:31:24]}
4. O-O {[%clk 01:31:32]} c5 {[%clk 01:31:41]} {[%emt 00:03:36]} 5. d4 {[%clk
01:31:43]} Nc6 {[%clk 01:31:58]} 6. Bf4 {[%clk 01:31:26]} Bd6 {[%clk 01:31:05]}
7. Bxd6 {[%clk 01:30:33]} Qxd6 {[%clk 01:31:21]} 8. c3 {[%clk 01:30:05]} b6
{[%clk 01:30:53]} 9. Nbd2 {[%clk 01:29:20]} O-O {[%clk 01:29:57]} 10. Re1
{[%clk 01:27:45]} Bb7 {[%clk 01:28:57]} {[%emt 00:00:34]} 11. Qc2 {[%clk
01:26:54]} {[%emt 00:01:12]} Rac8 {[%clk 01:20:54]} {[%emt 00:08:35]} 12. Qd3
{[%clk 01:23:37]} {[%emt 00:04:06]} Rfd8 {[%clk 01:17:22]} {[%emt 00:07:15]}
13. Rad1 {[%clk 01:20:41]} {[%emt 00:00:05]} Rd7 {[%clk 01:10:08]} {[%emt
00:10:39]} 14. dxc5 {[%clk 01:15:48]} {[%emt 00:26:04]} bxc5 {[%clk 01:10:07]}
15. Qb5 {[%clk 01:12:38]} e5 {[%clk 01:02:12]} 16. Nb3 {[%clk 01:08:56]} Ne7
{[%clk 01:00:46]} 17. Bh3 {[%clk 01:04:59]} Rb8 {[%clk 00:47:06]} {[%emt
00:16:40]} 18. Bxd7 {[%clk 01:04:53]} Nxd7 {[%clk 00:47:15]} 19. Qa4 {[%clk
01:01:10]} {[%emt 00:12:53]} Bc6 {[%clk 00:43:24]} 20. Qh4 {[%clk 00:58:23]}
Ng6 {[%clk 00:37:44]} {[%emt 00:03:16]} 21. Qh3 {[%clk 00:57:12]} {[%emt
00:02:56]} Ba4 {[%clk 00:32:03]} {[%emt 00:04:41]} 22. Nfd2 {[%clk 00:56:14]}
{[%emt 00:02:40]} Qc7 {[%clk 00:28:30]} {[%emt 00:02:50]} 23. Rb1 {[%clk
00:54:33]} {[%emt 00:33:33]} c4 {[%clk 00:24:52]} 24. Na1 {[%clk 00:52:01]} d4
{[%clk 00:18:33]} 25. cxd4 {[%clk 00:50:16]} exd4 {[%clk 00:18:01]} {[%emt
00:00:05]} 26. Nf3 {[%clk 00:48:55]} d3 {[%clk 00:13:13]} 27. exd3 {[%clk
00:46:26]} cxd3 {[%clk 00:13:42]} 28. Rbc1 {[%clk 00:44:15]} Qd6 {[%clk
00:13:33]} 29. b3 {[%clk 00:42:18]} {[%emt 00:01:40]} Bc6 {[%clk 00:13:07]}
{[%emt 00:00:56]} 30. Nd2 {[%clk 00:41:29]} {[%emt 00:04:26]} Qd5 {[%clk
00:11:38]} 31. f3 {[%clk 00:39:30]} {[%emt 00:05:41]} Nde5 {[%clk 00:11:16]}
32. Qg2 {[%clk 00:36:37]} Qa5 33. Nc2 {[%clk 00:36:37]} dxc2 34. Rxc2 {[%clk
00:36:37]} Bxf3 35. Rxe5 {[%clk 00:36:37]} Qb6+ 36. Qf2 {[%clk 00:36:37]} Nxe5
37. Qxb6 {[%clk 00:36:37]} axb6 38. Kf2 {[%clk 00:36:37]} Bc6 39. Ke3 {[%clk
00:36:37]} f6 40. Kf4 {[%clk 00:36:37]} Rd8 41. Ne4 {[%clk 00:36:37]} Rd4 42.
Re2 {[%clk 00:36:37]} Nd3+ 43. Ke3 {[%clk 00:36:37]} Rxe4+ 44. Kxd3 {[%clk
00:36:37]} Rxe2 45. Kxe2 {[%clk 00:36:37]} Kf7 46. Kd3 {[%clk 00:36:37]} Ke6
0-1

[Event "DVM U12 2020"]
[Site "Magdeburg GER"]
[Date "2021.08.05"]
[Round "2"]
[White "Wartenberg, Alissa"]
[Black "Nhan, Jiehou"]
[Result "1-0"]
[Termination "normal"]
[Board "2.2"]
[WhiteElo "1562"]
[BlackElo "1428"]
[WhiteClock "00:35:24"]
[BlackClock "01:04:55"]
[WhiteTeam "Hamburger SK von 1830 eV"]
[BlackTeam "Schachvereinigung 1920 Plettenberg e. V."]
[PlyCount "61"]
[WhiteFideId "16280741"]
[BlackFideId "34608214"]
[EventCountry "GER"]
[EventRounds "7"]
[EventType "team-swiss"]
[EventDate "2021.08.04"]

1. e4 {[%clk 01:30:57]} {[%emt 00:00:47]} e6 {[%clk 01:30:42]} 2. d4 {[%clk
01:31:20]} d5 {[%clk 01:31:00]} 3. Nc3 {[%clk 01:31:37]} {[%emt 00:00:07]} Bb4
{[%clk 01:31:17]} {[%emt 00:00:17]} 4. e5 {[%clk 01:32:02]} {[%emt 00:00:04]}
c5 {[%clk 01:30:45]} {[%emt 00:01:03]} 5. a3 {[%clk 01:32:12]} {[%emt
00:05:51]} Bxc3+ {[%clk 01:30:58]} 6. bxc3 {[%clk 01:32:36]} Bd7 {[%clk
01:30:33]} 7. f4 {[%clk 01:32:51]} Nc6 {[%clk 01:30:12]} 8. Nf3 {[%clk
01:32:57]} {[%emt 00:02:22]} Nge7 {[%clk 01:30:05]} 9. Be2 {[%clk 01:33:00]}
Qb6 {[%clk 01:29:20]} 10. Be3 {[%clk 01:28:13]} {[%emt 00:02:26]} Nf5 {[%clk
01:27:00]} {[%emt 00:02:49]} 11. Qd2 {[%clk 01:25:07]} {[%emt 00:04:43]} Nxe3
{[%clk 01:26:11]} {[%emt 00:00:12]} 12. Qxe3 {[%clk 01:25:30]} {[%emt
00:00:09]} Qb2 {[%clk 01:25:50]} {[%emt 00:08:51]} 13. O-O {[%clk 01:19:18]}
Qxc2 {[%clk 01:24:38]} {[%emt 00:01:29]} 14. dxc5 {[%clk 01:18:22]} {[%emt
00:01:46]} Rc8 {[%clk 01:22:55]} {[%emt 00:09:57]} 15. Rfc1 {[%clk 01:17:54]}
Qa4 {[%clk 01:22:30]} 16. Rcb1 {[%clk 01:14:50]} Na5 {[%clk 01:20:35]} 17. Nd4
{[%clk 01:07:05]} {[%emt 00:18:47]} Nc4 {[%clk 01:17:23]} 18. Qg3 {[%clk
00:59:00]} {[%emt 00:00:26]} O-O {[%clk 01:14:50]} {[%emt 00:08:32]} 19. Rxb7
{[%clk 00:55:38]} Rfd8 {[%clk 01:10:22]} {[%emt 00:03:20]} 20. f5 {[%clk
00:45:25]} {[%emt 00:12:43]} Qa6 {[%clk 01:05:44]} {[%emt 00:03:17]} 21. f6
{[%clk 00:44:09]} {[%emt 00:04:40]} g6 {[%clk 01:05:47]} 22. Qg5 {[%clk
00:41:36]} {[%emt 00:00:26]} Kh8 {[%clk 01:05:03]} {[%emt 00:01:15]} 23. Qh6
{[%clk 00:41:47]} {[%emt 00:05:37]} Rg8 {[%clk 01:05:17]} 24. Rxd7 {[%clk
00:41:44]} Rcf8 {[%clk 01:04:56]} 25. c6 {[%clk 00:40:49]} Qa5 {[%clk
01:04:46]} 26. Bxc4 {[%clk 00:40:48]} Qxc3 {[%clk 01:04:11]} {[%emt 00:00:06]}
27. Rd1 {[%clk 00:40:57]} {[%emt 00:00:17]} Qxc4 {[%clk 01:04:12]} {[%emt
00:00:29]} 28. c7 {[%clk 00:34:52]} {[%emt 00:06:58]} Qa4 {[%clk 01:04:10]}
{[%emt 00:00:08]} 29. Rd3 {[%clk 00:35:02]} {[%emt 00:00:21]} Qxd7 {[%clk
01:04:32]} {[%emt 00:00:08]} 30. Qxh7+ {[%clk 00:35:24]} {[%emt 00:02:21]} Kxh7
{[%clk 01:04:55]} 31. Rh3# 1-0

[Event "DVM U12 2020"]
[Site "Magdeburg GER"]
[Date "2021.08.05"]
[Round "2"]
[White "Selter, Julian André"]
[Black "Dorendorf, Mika"]
[Result "0-1"]
[Termination "normal"]
[Board "2.3"]
[WhiteElo "1391"]
[BlackElo "1492"]
[WhiteClock "01:02:07"]
[BlackClock "00:48:29"]
[WhiteTeam "Schachvereinigung 1920 Plettenberg e. V."]
[BlackTeam "Hamburger SK von 1830 eV"]
[PlyCount "48"]
[WhiteFideId "34608168"]
[BlackFideId "16283066"]
[EventCountry "GER"]
[EventRounds "7"]
[EventType "team-swiss"]
[EventDate "2021.08.04"]

1. e4 {[%clk 01:30:58]} c5 {[%clk 01:30:52]} {[%emt 00:00:06]} 2. c3 {[%clk
01:31:21]} {[%emt 00:00:17]} e6 {[%clk 01:30:49]} {[%emt 00:06:02]} 3. e5
{[%clk 01:31:28]} Nc6 {[%clk 01:26:14]} 4. Nf3 {[%clk 01:31:23]} {[%emt
00:00:17]} Qc7 {[%clk 01:26:02]} {[%emt 00:00:52]} 5. d4 {[%clk 01:25:56]}
{[%emt 00:06:46]} cxd4 {[%clk 01:24:58]} {[%emt 00:00:43]} 6. cxd4 {[%clk
01:26:03]} {[%emt 00:08:46]} d6 {[%clk 01:17:18]} 7. exd6 {[%clk 01:23:24]}
{[%emt 00:03:46]} Bxd6 {[%clk 01:17:10]} 8. a3 {[%emt 00:04:42]} Nge7 {[%clk
01:15:31]} 9. Nc3 {[%clk 01:22:01]} O-O {[%clk 01:07:47]} {[%emt 00:07:45]} 10.
Nb5 {[%clk 01:21:54]} {[%emt 00:04:16]} Qd8 {[%clk 01:06:52]} 11. Nxd6 {[%clk
01:21:58]} Qxd6 {[%clk 01:07:11]} 12. Bd3 {[%clk 01:20:48]} h6 {[%clk
01:06:04]} {[%emt 00:01:37]} 13. O-O {[%clk 01:20:22]} {[%emt 00:01:18]} Rd8
{[%clk 01:05:42]} {[%emt 00:02:43]} 14. Be3 {[%clk 01:18:46]} e5 {[%clk
01:05:05]} {[%emt 00:04:38]} 15. Qc2 {[%clk 01:16:06]} Nxd4 {[%clk 01:04:49]}
{[%emt 00:00:23]} 16. Nxd4 {[%clk 01:16:01]} {[%emt 00:00:41]} exd4 {[%clk
01:05:10]} 17. Rad1 {[%clk 01:14:24]} {[%emt 00:02:05]} Kh8 {[%clk 01:02:49]}
{[%emt 00:03:00]} 18. Be4 {[%clk 01:13:59]} {[%emt 00:08:23]} Qb6 {[%clk
00:58:04]} 19. Qd2 {[%clk 01:12:13]} Bg4 {[%clk 00:57:40]} {[%emt 00:01:03]}
20. Bxd4 {[%clk 01:11:15]} {[%emt 00:03:36]} Bxd1 {[%clk 00:56:58]} 21. Rxd1
{[%clk 01:10:40]} Qe6 {[%clk 00:49:45]} {[%emt 00:08:11]} 22. Re1 {[%clk
01:06:08]} {[%emt 00:04:36]} Nc6 {[%clk 00:48:51]} {[%emt 00:05:45]} 23. Bxc6
{[%clk 01:02:07]} Rxd4 {[%clk 00:48:29]} {[%emt 00:04:02]} 24. Qxd4 Qxe1# 0-1

[Event "DVM U12 2020"]
[Site "Magdeburg GER"]
[Date "2021.08.05"]
[Round "2"]
[White "Brandstrup, Luca Alexander"]
[Black "Schmidt, Moritz"]
[Result "1-0"]
[Termination "normal"]
[Board "2.4"]
[WhiteElo "1516"]
[BlackElo "1454"]
[WhiteClock "01:30:30"]
[BlackClock "01:30:30"]
[WhiteTeam "Hamburger SK von 1830 eV"]
[BlackTeam "Schachvereinigung 1920 Plettenberg e. V."]
[PlyCount "55"]
[WhiteFideId "16244990"]
[BlackFideId "34603549"]
[EventCountry "GER"]
[EventRounds "7"]
[EventType "team-swiss"]
[EventDate "2021.08.04"]

1. d4 {[%clk 01:30:30]} Nf6 {[%clk 01:30:30]} 2. Nf3 {[%clk 01:30:30]} e6
{[%clk 01:30:30]} 3. Bf4 {[%clk 01:30:30]} c5 {[%clk 01:30:30]} 4. e3 {[%clk
01:30:30]} Nc6 {[%clk 01:30:30]} 5. c3 {[%clk 01:30:30]} d5 {[%clk 01:30:30]}
6. Bd3 {[%clk 01:30:30]} c4 {[%clk 01:30:30]} 7. Bc2 {[%clk 01:30:30]} Bd6
{[%clk 01:30:30]} 8. Bg3 {[%clk 01:30:30]} Bxg3 {[%clk 01:30:30]} 9. hxg3
{[%clk 01:30:30]} Qb6 {[%clk 01:30:30]} 10. Qc1 {[%clk 01:30:30]} Bd7 {[%clk
01:30:30]} 11. Nbd2 {[%clk 01:30:30]} h6 {[%clk 01:30:30]} 12. e4 {[%clk
01:30:30]} dxe4 {[%clk 01:30:30]} 13. Nxc4 {[%clk 01:30:30]} Qc7 {[%clk
01:30:30]} 14. Nfd2 {[%clk 01:30:30]} Ne7 {[%clk 01:30:30]} 15. Bxe4 {[%clk
01:30:30]} O-O-O {[%clk 01:30:30]} 16. b4 {[%clk 01:30:30]} Kb8 {[%clk
01:30:30]} 17. Ne5 {[%clk 01:30:30]} Nxe4 {[%clk 01:30:30]} 18. Nxe4 {[%clk
01:30:30]} Rhf8 {[%clk 01:30:30]} 19. Nc5 {[%clk 01:30:30]} Bc6 {[%clk
01:30:30]} 20. O-O {[%clk 01:30:30]} Nf5 {[%clk 01:30:30]} 21. a4 {[%clk
01:30:30]} a6 {[%clk 01:30:30]} 22. Qa3 {[%clk 01:30:30]} Be8 {[%clk 01:30:30]}
23. b5 {[%clk 01:30:30]} a5 {[%clk 01:30:30]} 24. Nc4 {[%clk 01:30:30]} Rh8
{[%clk 01:30:30]} 25. b6 {[%clk 01:30:30]} Qc6 {[%clk 01:30:30]} 26. Nxa5
{[%clk 01:30:30]} Qxb6 {[%clk 01:30:30]} 27. Naxb7 {[%clk 01:30:30]} Rc8 {[%clk
01:30:30]} 28. Rfb1 {[%clk 01:30:30]} 1-0

[Event "DVM U12 2020"]
[Site "Magdeburg GER"]
[Date "2021.08.05"]
[Round "2"]
[White "Apel, Linus"]
[Black "Haubold, Sebastian Marcel"]
[Result "1-0"]
[Termination "normal"]
[Board "3.1"]
[WhiteElo "1475"]
[BlackElo "1813"]
[WhiteClock "00:42:14"]
[BlackClock "00:05:12"]
[WhiteTeam "USV Erfurt"]
[BlackTeam "SG Einheit Staßfurt"]
[PlyCount "75"]
[WhiteFideId "16265785"]
[BlackFideId "16259637"]
[EventCountry "GER"]
[EventRounds "7"]
[EventType "team-swiss"]
[EventDate "2021.08.04"]

1. e4 {[%clk 01:30:52]} {[%emt 00:08:01]} e5 {[%clk 01:30:56]} 2. Nf3 {[%clk
01:31:13]} Nc6 {[%clk 01:31:22]} 3. Bc4 {[%clk 01:31:37]} Bc5 {[%clk 01:31:47]}
4. c3 {[%clk 01:31:40]} Nf6 {[%clk 01:32:13]} 5. d3 {[%clk 01:32:02]} d6 {[%clk
01:32:23]} 6. Be3 {[%clk 01:31:57]} Bb6 {[%clk 01:32:33]} 7. O-O {[%clk
01:32:06]} Be6 {[%clk 01:32:11]} 8. Bb3 {[%clk 01:32:26]} O-O {[%clk 01:30:58]}
9. Bc2 {[%clk 01:32:28]} d5 {[%clk 01:28:29]} 10. exd5 {[%clk 01:28:56]} Nxd5
{[%clk 01:28:28]} 11. d4 {[%clk 01:26:41]} Nxe3 {[%clk 01:25:24]} 12. fxe3
{[%clk 01:26:54]} f5 {[%clk 01:23:09]} {[%emt 00:29:30]} 13. Kh1 {[%clk
01:18:01]} f4 {[%clk 01:09:53]} 14. exf4 {[%clk 01:14:01]} exd4 {[%clk
01:10:14]} {[%emt 00:00:36]} 15. Ng5 {[%clk 01:13:16]} {[%emt 00:01:09]} Bf5
{[%clk 01:08:31]} {[%emt 00:05:38]} 16. Bb3+ {[%clk 01:13:16]} Kh8 {[%clk
01:06:32]} 17. Nf7+ {[%clk 01:13:28]} Rxf7 {[%clk 01:06:57]} 18. Bxf7 {[%clk
01:13:38]} Qf6 {[%clk 00:59:53]} {[%emt 00:16:04]} 19. Bc4 {[%clk 01:12:30]}
Rd8 {[%clk 00:53:28]} 20. Qf3 {[%clk 01:06:22]} {[%emt 00:23:48]} dxc3 {[%clk
00:47:08]} 21. Nxc3 {[%clk 01:03:14]} Nd4 {[%clk 00:43:00]} 22. Qg3 {[%clk
01:01:38]} Nc2 {[%clk 00:40:25]} {[%emt 00:03:38]} 23. Nd5 {[%clk 00:52:08]}
{[%emt 00:15:42]} Qd4 {[%clk 00:31:48]} {[%emt 00:04:23]} 24. Rad1 {[%clk
00:50:01]} {[%emt 00:01:05]} Qxc4 {[%clk 00:30:50]} {[%emt 00:02:02]} 25. Nxb6
{[%clk 00:50:08]} Qg8 {[%clk 00:30:16]} {[%emt 00:00:54]} 26. Qg5 {[%clk
00:48:18]} {[%emt 00:02:19]} Re8 {[%clk 00:13:52]} {[%emt 00:17:06]} 27. Nd5
{[%clk 00:47:17]} {[%emt 00:01:29]} Be4 {[%clk 00:13:54]} {[%emt 00:00:21]} 28.
Rg1 {[%clk 00:46:32]} {[%emt 00:01:26]} h6 {[%clk 00:12:25]} {[%emt 00:01:45]}
29. Qh5 {[%clk 00:45:19]} {[%emt 00:23:32]} Qf8 {[%clk 00:07:32]} 30. Nxc7
{[%clk 00:44:25]} Rc8 {[%clk 00:07:42]} 31. Nd5 {[%clk 00:43:50]} Rc5 {[%clk
00:06:56]} 32. Qe5 {[%clk 00:43:09]} Bh7 {[%clk 00:06:02]} 33. Qe7 {[%clk
00:42:23]} Qc8 {[%clk 00:04:56]} {[%emt 00:00:04]} 34. Nf6 {[%clk 00:40:55]}
gxf6 {[%clk 00:04:06]} 35. Rd8+ {[%clk 00:41:04]} Qxd8 {[%clk 00:04:29]} 36.
Qxd8+ {[%clk 00:41:30]} Bg8 {[%clk 00:04:49]} 37. Qxf6+ {[%clk 00:41:50]} Kh7
{[%clk 00:05:12]} {[%emt 00:00:04]} 38. Qe7+ {[%clk 00:42:14]} 1-0

[Event "DVM U12 2020"]
[Site "Magdeburg GER"]
[Date "2021.08.05"]
[Round "2"]
[White "Haubold, Christian Lucas"]
[Black "Wagner, Anton"]
[Result "1-0"]
[Termination "normal"]
[Board "3.2"]
[WhiteElo "1649"]
[BlackElo "1406"]
[WhiteClock "00:49:23"]
[BlackClock "00:21:57"]
[WhiteTeam "SG Einheit Staßfurt"]
[BlackTeam "USV Erfurt"]
[PlyCount "49"]
[WhiteFideId "16259629"]
[BlackFideId "34608095"]
[EventCountry "GER"]
[EventRounds "7"]
[EventType "team-swiss"]
[EventDate "2021.08.04"]

1. e4 {[%clk 01:30:57]} {[%emt 00:01:03]} e5 {[%clk 01:30:57]} 2. Nf3 {[%clk
01:31:20]} Nc6 {[%clk 01:31:24]} 3. Bc4 {[%clk 01:31:40]} Bc5 {[%clk 01:31:49]}
4. d3 {[%clk 01:31:54]} h6 {[%clk 01:31:27]} 5. c3 {[%clk 01:31:46]} {[%emt
00:00:25]} Nf6 {[%clk 01:31:24]} {[%emt 00:00:33]} 6. a4 {[%clk 01:31:27]}
{[%emt 00:17:57]} a5 {[%clk 01:27:21]} 7. Na3 {[%clk 01:30:15]} O-O {[%clk
01:21:38]} 8. Nc2 {[%clk 01:29:30]} d5 {[%clk 01:20:34]} 9. exd5 {[%clk
01:28:27]} {[%emt 00:00:05]} Nxd5 {[%clk 01:20:15]} {[%emt 00:04:45]} 10. h3
{[%clk 01:23:10]} {[%emt 00:41:56]} Be6 {[%clk 01:10:39]} 11. O-O {[%clk
01:20:41]} Kh8 {[%clk 00:59:59]} 12. Re1 {[%clk 01:11:29]} Bd6 {[%clk
00:55:35]} 13. Bb5 {[%clk 01:02:08]} {[%emt 01:22:26]} Nde7 {[%clk 00:49:00]}
14. d4 {[%clk 00:59:58]} exd4 {[%clk 00:43:41]} 15. Nfxd4 {[%clk 00:56:18]} Bd7
{[%clk 00:36:33]} 16. Qh5 {[%clk 00:52:20]} {[%emt 00:00:05]} Kh7 {[%clk
00:36:17]} 17. Bd3+ {[%clk 00:50:23]} g6 {[%clk 00:27:29]} 18. Qxh6+ {[%clk
00:50:30]} Kg8 {[%clk 00:27:48]} 19. Bg5 {[%clk 00:49:29]} {[%emt 00:00:05]} f6
{[%clk 00:21:42]} 20. Bxg6 {[%clk 00:49:05]} Nxg6 {[%clk 00:21:57]} 21. Qxg6+
{[%clk 00:49:23]} Kh8 22. Bh6 {[%clk 00:49:23]} Rg8 23. Qh5 {[%clk 00:49:23]}
Be8 24. Bg7+ {[%clk 00:49:23]} Kxg7 25. Ne6# {[%clk 00:49:23]} 1-0

[Event "DVM U12 2020"]
[Site "Magdeburg GER"]
[Date "2021.08.05"]
[Round "2"]
[White "Tran, Anh Duc Kevin"]
[Black "Schambier, Leon Elias"]
[Result "1/2-1/2"]
[Termination "normal"]
[Board "3.3"]
[WhiteElo "1338"]
[BlackElo "1178"]
[WhiteClock "00:09:14"]
[BlackClock "00:32:10"]
[WhiteTeam "USV Erfurt"]
[BlackTeam "SG Einheit Staßfurt"]
[PlyCount "51"]
[WhiteFideId "34608125"]
[BlackFideId "34608184"]
[EventCountry "GER"]
[EventRounds "7"]
[EventType "team-swiss"]
[EventDate "2021.08.04"]

1. e4 {[%clk 01:30:51]} e5 {[%clk 01:31:19]} 2. Nf3 {[%clk 01:31:08]} Nc6
{[%clk 01:31:41]} 3. Bc4 {[%clk 01:31:19]} Nf6 {[%clk 01:31:47]} 4. Nc3 {[%clk
01:30:16]} {[%emt 00:00:27]} Bc5 {[%clk 01:31:23]} {[%emt 00:00:53]} 5. d3
{[%clk 01:27:29]} {[%emt 00:03:40]} h6 {[%clk 01:31:22]} 6. O-O {[%clk
01:26:29]} {[%emt 00:01:20]} d6 {[%clk 01:30:52]} {[%emt 00:00:56]} 7. Be3
{[%clk 01:24:52]} {[%emt 00:06:38]} Bb6 {[%clk 01:30:16]} 8. h3 {[%clk
01:22:07]} Be6 {[%clk 01:28:47]} {[%emt 00:07:48]} 9. Bb3 {[%clk 01:21:19]} Qd7
{[%clk 01:27:42]} 10. Bxe6 {[%clk 01:18:54]} Qxe6 {[%emt 00:08:02]} 11. Bxb6
{[%clk 01:10:53]} {[%emt 00:01:28]} axb6 {[%clk 01:27:27]} 12. Re1 {[%clk
01:10:53]} O-O {[%clk 01:27:27]} 13. a3 {[%clk 01:10:53]} Rfd8 {[%clk
01:27:27]} 14. d4 {[%clk 00:53:36]} {[%emt 00:35:20]} d5 {[%clk 01:07:10]} 15.
exd5 {[%clk 00:49:38]} {[%emt 00:09:43]} Nxd5 {[%clk 01:05:14]} 16. Nxe5 {[%clk
00:43:18]} {[%emt 00:09:15]} Nf6 {[%clk 00:51:38]} 17. Nxc6 {[%clk 00:35:46]}
{[%emt 00:22:21]} Qxc6 {[%clk 00:51:37]} 18. a4 {[%clk 00:33:14]} {[%emt
00:09:41]} Ra5 {[%clk 00:44:34]} 19. Nb5 {[%clk 00:30:17]} {[%emt 00:12:44]}
Rda8 {[%clk 00:42:56]} 20. b3 {[%clk 00:25:52]} Qd7 {[%clk 00:38:35]} 21. c3
{[%clk 00:18:36]} {[%emt 00:11:35]} c6 {[%clk 00:35:44]} {[%emt 00:07:24]} 22.
Na3 {[%clk 00:16:22]} b5 {[%clk 00:34:55]} 23. Nb1 {[%clk 00:14:48]} {[%emt
00:06:25]} bxa4 {[%clk 00:32:59]} 24. bxa4 {[%clk 00:13:22]} c5 {[%clk
00:32:19]} {[%emt 00:01:10]} 25. dxc5 {[%clk 00:09:04]} {[%emt 00:05:04]} Qxd1
{[%clk 00:32:10]} {[%emt 00:00:09]} 26. Rxd1 {[%clk 00:09:14]} {[%emt
00:00:34]} 1/2-1/2

[Event "DVM U12 2020"]
[Site "Magdeburg GER"]
[Date "2021.08.05"]
[Round "2"]
[White "Beck, Jason"]
[Black "Heilmann, Ramon"]
[Result "1-0"]
[Termination "normal"]
[Board "3.4"]
[WhiteElo "1132"]
[BlackElo "996"]
[WhiteClock "01:06:50"]
[BlackClock "00:43:00"]
[WhiteTeam "SG Einheit Staßfurt"]
[BlackTeam "USV Erfurt"]
[PlyCount "73"]
[WhiteFideId "34608389"]
[BlackFideId "34608303"]
[EventCountry "GER"]
[EventRounds "7"]
[EventType "team-swiss"]
[EventDate "2021.08.04"]

1. e4 {[%clk 01:30:58]} {[%emt 00:00:50]} e5 2. Nf3 Nc6 {[%clk 01:30:35]} 3.
Bc4 {[%clk 01:31:12]} Nf6 {[%clk 01:30:29]} 4. Nc3 {[%clk 01:31:30]} {[%emt
00:00:10]} Bc5 {[%clk 01:30:37]} {[%emt 00:00:38]} 5. d3 {[%clk 01:31:45]} h6
{[%clk 01:30:46]} {[%emt 00:00:30]} 6. Be3 {[%clk 01:32:09]} Bb6 {[%clk
01:29:50]} {[%emt 00:14:16]} 7. O-O {[%clk 01:32:14]} d6 {[%clk 01:27:19]} 8.
h3 {[%clk 01:32:24]} Be6 {[%clk 01:27:18]} 9. Bb3 {[%clk 01:32:48]} {[%emt
00:00:13]} Qd7 {[%clk 01:24:24]} 10. Qd2 {[%clk 01:27:53]} {[%emt 00:23:29]}
O-O-O {[%clk 01:22:37]} 11. Bxb6 {[%clk 01:27:56]} cxb6 {[%clk 01:14:37]} 12.
Ba4 {[%clk 01:27:37]} a6 {[%clk 01:12:08]} {[%emt 00:00:05]} 13. Bxc6 {[%clk
01:25:53]} bxc6 {[%clk 01:08:34]} 14. a4 {[%clk 01:23:45]} {[%emt 00:00:32]} g5
{[%clk 01:04:41]} {[%emt 00:07:24]} 15. a5 {[%clk 01:23:11]} b5 {[%clk
01:03:07]} {[%emt 00:00:07]} 16. Qe3 {[%clk 01:22:36]} {[%emt 00:15:05]} c5
{[%clk 01:01:50]} 17. Ne2 {[%clk 01:20:47]} b4 {[%clk 01:01:45]} 18. c3 {[%clk
01:20:37]} g4 {[%clk 01:00:40]} {[%emt 00:00:04]} 19. hxg4 {[%clk 01:20:46]}
Nxg4 {[%clk 01:00:34]} 20. Qd2 {[%clk 01:19:12]} b3 {[%clk 01:00:15]} 21. d4
{[%clk 01:19:28]} Qe8 {[%clk 00:57:47]} 22. d5 {[%clk 01:18:41]} {[%emt
00:17:42]} Bd7 {[%clk 00:57:23]} 23. Ra3 {[%clk 01:17:09]} c4 {[%clk 00:58:07]}
24. Ng3 {[%clk 01:15:24]} Nf6 {[%clk 00:56:19]} 25. Qe3 {[%clk 01:15:09]}
{[%emt 00:00:04]} Bb5 {[%clk 00:53:50]} 26. Nf5 {[%clk 01:12:42]} Qf8 {[%clk
00:52:25]} {[%emt 00:21:27]} 27. Qa7 {[%clk 01:10:57]} Nd7 {[%clk 00:49:03]}
28. Nd2 {[%clk 01:09:01]} Nb8 {[%clk 00:48:18]} 29. Nxb3 {[%clk 01:07:49]} Rd7
{[%clk 00:48:02]} {[%emt 00:03:28]} 30. Qb6 {[%clk 01:07:31]} Rb7 {[%clk
00:47:24]} 31. Nxd6+ {[%clk 01:07:38]} Qxd6 32. Qxd6 Rd7 {[%clk 00:45:03]} 33.
Qxe5 {[%clk 01:07:54]} Rg8 {[%clk 00:44:14]} 34. Nc5 {[%clk 01:07:38]} Rg5
{[%clk 00:43:51]} 35. Qe8+ {[%clk 01:06:29]} {[%emt 00:00:04]} Rd8 {[%clk
00:43:39]} {[%emt 00:00:05]} 36. Qxf7 {[%clk 01:06:50]} Be8 {[%clk 00:43:00]}
37. Qb7# 1-0